Popular Actors/Actresses on Wikipedia born in Europe Quiz Stats

Quiz not verified by Sporcle

Challenge
Share
Tweet
Embed
Score 0/40 Timer 08:00
0 Plays Today
million views (2008-2013) Name % Correct
54,50Arnold Schwarzenegger
71.4%
56,14Mila Kunis
67.7%
46,84Emma Watson
64.7%
31,81Daniel Radcliffe
60.9%
24,73Sean Connery
52.6%
24,48Penélope Cruz
51.9%
28,07Daniel Craig
47.4%
29,65Keira Knightley
40.6%
29,46Liam Neeson
39.1%
38,62Charlie Chaplin
38.3%
34,98Audrey Hepburn
38.3%
18,26Pierce Brosnan
37.6%
27,62Kate Winslet
35.3%
18,41Colin Farrell
35.3%
19,28Ewan McGregor
33.8%
19,00Catherine Zeta-Jones
33.1%
50,10Robert Pattinson
31.6%
20,78Rowan Atkinson
30.1%
19,86Raolph Fiennes
30.1%
21,29Orlando Bloom
29.3%
million views (2008-2013) Name % Correct
19,43Jude Law
29.3%
37,43Bruce Willis
27.8%
35,70Christian Bale
27.8%
18,41Daniel Day-Lewis
27.8%
30,50Elizabeth Taylor
27.1%
18,82Amy Adams
24.1%
20,52Monica Bellucci
21.1%
21,72Milla Jovovich
20.3%
21,22Gary Oldman
18.8%
23,50Helena Bonham Carter
18%
39,88Jason Statham
17.3%
24,41Tom Hardy
15%
20,04Hugh Laurie
14.3%
19,70Rachel Weisz
14.3%
25,32Gerard Butler
12.8%
21,48Russell Brand
12.8%
21,32Nina Dobrev
12%
32,42Jean-Claude Van Damme
11.3%
24,98Sacha Baron Cohen
9.8%
22,94Kate Beckinsale
6.8%

You're not logged in!

Compare scores with friends on all Sporcle quizzes.
Sign Up with Email
OR
Log In

You Might Also Like...

Show Comments

Extras

Top Quizzes Today


Score Distribution

Your Account Isn't Verified!

In order to create a playlist on Sporcle, you need to verify the email address you used during registration. Go to your Sporcle Settings to finish the process.